01461nam a22003377a 4500003000500000005001700005008004100022010001000063011001000073035001000083040000900093090001700102110008000119245004500199260004600244300001500290500007400305590004100379590004200420650002200462650001600484901000700500942000900507949005500516949005500571949005900626999001700685952013900702952013900841952014300980CHAP20220817042153.0971013s r 00010 d a36625 a37597 a41717 cCHAP aFolleto 9541 aMéxico. Dirección General de Avicultura y Otras Especies Menores976961 aPrograma nacional de paquetes familiares aMéxico, D.F. :bLa Dirección,c(s.a.) av.b: ilus aLa biblioteca tiene: v.1 Curso de apicultura.-v.2 Curos de guajolotes aBATCH-UPDb10c20130110lUCH01h2029 aCONVERSIONb10c20130109lUCH01h132014aApicultura.9624114aAvicultura. aBK cFOLL aFolleto 9541bBCcFOLLd-95902eTS1fv.1i41717si aFolleto 9541bBCcFOLLd-95903eTS2fv.2i41717si aFolleto 9541bBCcFOLLd-95904eTS2fv.2 c.2i41717si c36625d36625 00102local4051708FOLLaBCbBCcPA_FOLLETOSd2012-12-17fFOLLl0oFolleto 9541p-95902r2019-12-31 00:00:00tv.1w2012-12-17yFOLL 00102local4051708FOLLaBCbBCcPA_FOLLETOSd2012-12-17fFOLLl0oFolleto 9541p-95903r2019-12-31 00:00:00tv.2w2012-12-17yFOLL 00102local4053708FOLLaBCbBCcPA_FOLLETOSd2012-12-17fFOLLl0oFolleto 9541p-95904r2019-12-31 00:00:00tv.2 c.2w2012-12-17yFOLL